Gaturro 4 /

Guardado en:
Autor Principal: Nik
Otros Autores: Dzwonik, Cristian
Formato: Libro
Publicado: Buenos Aires : Ediciones de la Flor, 2003
Edición:4a. ed.
Materias:
Etiquetas: Agregar Etiqueta
Sin Etiquetas, Sea el primero en etiquetar este registro!
LEADER 00640nam a22002415a 4500
001 CEM.cems012618
005 20100602124317.0
008 130507s2003##################000#0#####d
003 CEMS
020 |a 9505157614 
082 0 4 |a A867.4 
100 1 |a Nik 
245 1 0 |a Gaturro 4 /  |c Nik [seudónimo] 
250 |a 4a. ed. 
260 |a Buenos Aires :  |b Ediciones de la Flor,  |c 2003 
300 |a 96 p. 
653 |a Humor 
653 |a Historieta 
653 |a Historieta argentina 
653 |a Literatura 
653 |a Literatura argentina 
700 1 |a Dzwonik, Cristian 
859 |a CEMS  |b BIB. CEMS - 11 de abril  |h A867.4  |i N583  |p 23935.07  |t Ej.1  |v 4  |3 4